| 000 | 00658nam a2200181 a 4500 | ||
|---|---|---|---|
| 008 | 061212s2006 ||||||||||||||||| || u | ||
| 050 | _aIBRD(08)PRWP/3975 | ||
| 100 | _a[and others] | ||
| 245 | 1 | 0 | _aFinancing firms in India |
| 260 |
_aWashington, D. C. _bWorld Bank _c2006 |
||
| 300 | _a67p.;ill. | ||
| 350 | _a0.00 | ||
| 490 | _aWorld Bank policy research working papers | ||
| 650 | _aLAW AND FINANCE--RESEARCH--INDIA | ||
| 650 | 0 | _aECONOMICS | |
| 700 | _aAllen, Franklin | ||
| 995 |
_D0.00 _FCBU-MAIN LIBRARY (Kitwe) _H1 _I0.00 _M1 _UAVAILABLE _WDec 12, 2006 _ZInternational Publications |
||
| 999 |
_c43464 _d43464 |
||